<?xml version="1.0" encoding="UTF-8"?>
<record
    xmlns:xsi="http://www.w3.org/2001/XMLSchema-instance"
    xsi:schemaLocation="http://www.loc.gov/MARC21/slim http://www.loc.gov/standards/marcxml/schema/MARC21slim.xsd"
    xmlns="http://www.loc.gov/MARC21/slim">

  <leader>03402nam a2200553Ia 4500</leader>
  <controlfield tag="001">61</controlfield>
  <controlfield tag="008">241029s9999    xx            000 0 und d</controlfield>
  <datafield tag="010" ind1=" " ind2=" ">
    <subfield code="a">50</subfield>
  </datafield>
  <datafield tag="041" ind1=" " ind2=" ">
    <subfield code="a">Espa&#xF1;ol</subfield>
  </datafield>
  <datafield tag="082" ind1=" " ind2=" ">
    <subfield code="a">NO APLICA</subfield>
  </datafield>
  <datafield tag="245" ind1=" " ind2="0">
    <subfield code="a">Necesidad de formaci&#xF3;n profesional del desempe&#xF1;o en directores y subdirectores de los centros educativos del casco urbano del Municipio de Vicente Noble. A&#xF1;o Lectivo 2012-2013</subfield>
  </datafield>
  <datafield tag="260" ind1=" " ind2=" ">
    <subfield code="a">Barahona</subfield>
  </datafield>
  <datafield tag="300" ind1=" " ind2=" ">
    <subfield code="a">96</subfield>
  </datafield>
  <datafield tag="520" ind1=" " ind2=" ">
    <subfield code="a">15</subfield>
  </datafield>
  <datafield tag="630" ind1=" " ind2=" ">
    <subfield code="a">Capacitaci&#xF3;n Docente</subfield>
  </datafield>
  <datafield tag="630" ind1=" " ind2=" ">
    <subfield code="a">Centros Educativos</subfield>
  </datafield>
  <datafield tag="630" ind1=" " ind2=" ">
    <subfield code="a">Directores de Escuelas</subfield>
  </datafield>
  <datafield tag="630" ind1=" " ind2=" ">
    <subfield code="a">Formaci&#xF3;n Profesional de Maestros</subfield>
  </datafield>
  <datafield tag="650" ind1=" " ind2=" ">
    <subfield code="a">Administraci&#xF3;n de la Educaci&#xF3;n</subfield>
  </datafield>
  <datafield tag="690" ind1=" " ind2=" ">
    <subfield code="a">Copiado sin cambios</subfield>
  </datafield>
  <datafield tag="700" ind1=" " ind2=" ">
    <subfield code="e">asesor</subfield>
    <subfield code="a">Concepci&#xF3;n, Jos&#xE9; El&#xED;as </subfield>
  </datafield>
  <datafield tag="700" ind1=" " ind2=" ">
    <subfield code="e">autor</subfield>
    <subfield code="a">F&#xE9;liz Peralta , Eugenia</subfield>
  </datafield>
  <datafield tag="901" ind1=" " ind2=" ">
    <subfield code="a">{"1":"F&#xE9;liz Peralta "}</subfield>
    <subfield code="b">{"1":"Eugenia"}</subfield>
  </datafield>
  <datafield tag="902" ind1=" " ind2=" ">
    <subfield code="a">1</subfield>
  </datafield>
  <datafield tag="903" ind1=" " ind2=" ">
    <subfield code="a">{"1":"Concepci&#xF3;n"}</subfield>
    <subfield code="b">{"1":"Jos&#xE9; El&#xED;as "}</subfield>
  </datafield>
  <datafield tag="904" ind1=" " ind2=" ">
    <subfield code="a">Maestr&#xED;a en</subfield>
  </datafield>
  <datafield tag="905" ind1=" " ind2=" ">
    <subfield code="a">Gesti&#xF3;n de Centros Educativos</subfield>
  </datafield>
  <datafield tag="906" ind1=" " ind2=" ">
    <subfield code="a">2</subfield>
  </datafield>
  <datafield tag="907" ind1=" " ind2=" ">
    <subfield code="a">NO APLICA</subfield>
  </datafield>
  <datafield tag="908" ind1=" " ind2=" ">
    <subfield code="a">NO APLICA</subfield>
  </datafield>
  <datafield tag="909" ind1=" " ind2=" ">
    <subfield code="a">Universidad Cat&#xF3;lica Tecnol&#xF3;gica del Cibao (UCATECI)</subfield>
  </datafield>
  <datafield tag="910" ind1=" " ind2=" ">
    <subfield code="a">NULL</subfield>
    <subfield code="b">NULL</subfield>
  </datafield>
  <datafield tag="911" ind1=" " ind2=" ">
    <subfield code="a">["1"]</subfield>
  </datafield>
  <datafield tag="912" ind1=" " ind2=" ">
    <subfield code="a">NO APLICA</subfield>
  </datafield>
  <datafield tag="913" ind1=" " ind2=" ">
    <subfield code="a">NULL</subfield>
  </datafield>
  <datafield tag="914" ind1=" " ind2=" ">
    <subfield code="a">02 de Enero de 2014</subfield>
  </datafield>
  <datafield tag="915" ind1=" " ind2=" ">
    <subfield code="a">21/07/15 10:07</subfield>
  </datafield>
  <datafield tag="916" ind1=" " ind2=" ">
    <subfield code="a">NULL</subfield>
  </datafield>
  <datafield tag="917" ind1=" " ind2=" ">
    <subfield code="a">NULL</subfield>
  </datafield>
  <datafield tag="918" ind1=" " ind2=" ">
    <subfield code="a">NO APLICA</subfield>
  </datafield>
  <datafield tag="919" ind1=" " ind2=" ">
    <subfield code="a">["30","33","66","109"]</subfield>
  </datafield>
  <datafield tag="520" ind1=" " ind2=" ">
    <subfield code="a">El presente trabajo sobre necesidad de formaci&#xF3;n profesional del desempe&#xF1;o en directores y subdirectores se desarroll&#xF3; en el casco urbano del municipio de Vicente Noble, el cual se encuentra enmarcado en la regi&#xF3;n Enriquillo y pertenece a la provincia de Barahona.&#xA0;El objetivo principal fue conocer las necesidades de formaci&#xF3;n de los directores y subdirectores de varios centros educativos desde la perspectiva de los equipos que interact&#xFA;an al interior y en el entorno, los cuales inciden en la pr&#xE1;ctica directiva.&#xA0;El dise&#xF1;o metodol&#xF3;gico de la investigaci&#xF3;n permiti&#xF3; realizar el estudio en dos &#xF3;rdenes, primero una investigaci&#xF3;n documental para conocer las diferentes teor&#xED;as relacionadas con la gesti&#xF3;n educativa, el gestor y los equipos de colaboraci&#xF3;n y que implican las necesidades sociales y organizaciones en torno a la escuela, qu&#xE9; se est&#xE1; haciendo para mejora en cuanto a la preparaci&#xF3;n acad&#xE9;mica, capacitaci&#xF3;n y actualizaci&#xF3;n de los directores.&#xA0;Los resultados de la investigaci&#xF3;n permitieron conocer las necesidades de formaci&#xF3;n de los directores y subdirectores de los centros educativos en cuesti&#xF3;n,los cuales confirmaron que existe un alto nivel de necesidad para que existan directores como sujetos del cambio, autores del cambio y gestor del cambio.Qued&#xF3; demostrado que el nivel acad&#xE9;mico de estos no est&#xE1; acorde con el cargo que desempe&#xF1;an, adem&#xE1;s de sus t&#xED;tulos no se corresponden con las exigencias de una gesti&#xF3;n, es decir no est&#xE1;n graduados en la carrera Administrativa y Gesti&#xF3;n de Centros Educativos, representando m&#xE1;s del 80% de los encuestados.&#xA0;En conclusi&#xF3;n,las necesidades de Formaci&#xF3;n Profesional para el Desempe&#xF1;o de la Gesti&#xF3;n en los centros educativos del casco urbano del municipio de Vicente Noble, fueron claras.Para visualizar este estudio en su totalidad haga click aqu&#xED;</subfield>
  </datafield>
  <datafield tag="921" ind1=" " ind2=" ">
    <subfield code="a">24</subfield>
  </datafield>
  <datafield tag="922" ind1=" " ind2=" ">
    <subfield code="a">24</subfield>
  </datafield>
  <datafield tag="923" ind1=" " ind2=" ">
    <subfield code="a">0</subfield>
  </datafield>
  <datafield tag="924" ind1=" " ind2=" ">
    <subfield code="a">NO APLICA</subfield>
  </datafield>
  <datafield tag="942" ind1=" " ind2=" ">
    <subfield code="c">Tesis</subfield>
  </datafield>
  <datafield tag="999" ind1=" " ind2=" ">
    <subfield code="c">50</subfield>
    <subfield code="d">50</subfield>
  </datafield>
</record>
